000 00498cam a2200193ua 4500
020 _c6.00
041 _aeng
_h
082 _a028.72701
_bKIE/MA
100 _aKieffer, de R E .
245 _aManual of audio-visual techniques /
_cR E de Kieffer.
_hTextual Documents
250 _a1 /
_b.
260 _aNew Delhi :
_bPrentice Hall of India Pvt Ltd. ,
_c1966.
300 _a254 ; .
365 _a6.00
504 _a
700 1 _aCochran, Lee W .
942 _cBK
999 _c5511
_d5511